Physics / (Record no. 8912)
[ view plain ]
| 000 -LEADER | |
|---|---|
| fixed length control field | 00626cam a2200241 i 4500 |
| 001 - CONTROL NUMBER | |
| JCCL Control Number | 8912 |
| 003 - CONTROL NUMBER IDENTIFIER | |
| JCCL marc code | BD-JhCC |
| 005 - DATE AND TIME OF LATEST TRANSACTION | |
| control field | 20220322134023.0 |
| 008 - FIXED-LENGTH DATA ELEMENTS--GENERAL INFORMATION | |
| fixed length control field | 750428s1989 ny a b 001 0 eng |
| 035 ## - SYSTEM CONTROL NUMBER | |
| system control number | (BD-JhCC)8912 |
| 040 ## - CATALOGING SOURCE | |
| Original cataloging agency | DLC |
| Transcribing agency | DLC |
| Modifying agency | DLC |
| -- | ICU |
| 041 ## - LANGUAGE CODE | |
| Language code of Book | eng |
| 050 00 - LIBRARY OF CONGRESS CALL NUMBER | |
| Classification number | QC176 |
| Item number | .O38 |
| 082 00 - DEWEY DECIMAL CLASSIFICATION NUMBER | |
| Classification number | 530 |
| Author mark and Year | ABB 1989 |
| 100 1# - MAIN ENTRY--PERSONAL NAME | |
| Personal name | Abbott, A.F. |
| 245 10 - TITLE STATEMENT | |
| Title | Physics / |
| Statement of responsibility, etc | A.F. Abbott, |
| 260 ## - PUBLICATION, DISTRIBUTION, ETC. (IMPRINT) | |
| Place of publication, distribution, etc | Great Briten : |
| Name of publisher, distributor, etc | Heineman education, |
| Date of publication, distribution, etc | 1989. |
| 300 ## - PHYSICAL DESCRIPTION | |
| Pagination | xv, 600 p. : |
| Other physical details | ill. ; |
| Dimensions | 22 cm. |
| 440 #0 - | |
| Title | Addison-Wesley series in solid state sciences |
| 650 #0 - SUBJECT ADDED ENTRY--TOPICAL TERM | |
| Topical term or geographic name as entry element | physics. |
| 942 ## - ADDED ENTRY ELEMENTS (KOHA) | |
| Source of classification or shelving scheme | Dewey Decimal Classification |
| Koha item type | Books |
| Koha issues (borrowed), all copies | 2 |
| Source of classification or shelving scheme | Damaged status | Not for loan | Home library | Current library | Shelving location | Date of accession | Total Checkouts | Full call number | Barcode | Date last seen | Date checked out | Copy number | Koha item type |
|---|---|---|---|---|---|---|---|---|---|---|---|---|---|
| Dewey Decimal Classification | JCC Rouf Library | JCC Rouf Library | General Stacks | 05/09/2023 | 4 | 530 ABB 1989 | 11708 | 01/31/2024 | 10/26/2023 | C - 1 | Books |